Sex education is for the family

Sábháilte in:
Sonraí bibleagrafaíochta
Príomhchruthaitheoir: LaHaye, Tim
Formáid: LEABHAR
Teanga:Béarla
Foilsithe / Cruthaithe: Pyranee Books. c1985.
Ábhair:
Clibeanna: Cuir clib leis
Níl clibeanna ann, Bí ar an gcéad duine le clib a chur leis an taifead seo!

MARC

LEADER 00000nam a22000005a 4500
001 2009
003 CL-ChBUA
005 20120815102747.0
008 070301s1985 xxu 000 0 eng
020 |a 031027103 
040 |a CL-ChBUA  |c CL-ChBUA 
082 0 0 |a 241.66 
090 |c 2009  |d 2009 
100 1 |a LaHaye, Tim. 
245 1 0 |a Sex education is for the family 
260 |b Pyranee Books.  |c c1985. 
300 |a 208 p.: il.  |b 208 p.: il.  |c 23 cm. 
504 |a Indice. 
650 4 |a RELIGION Y SEXO. 
942 |c LIB 
952 |0 0  |1 0  |4 0  |7 0  |9 2905  |a UNACH  |b UNACH  |c 200  |d 2007-03-05  |i 25.390.  |l 0  |o 241.66 / L 183.  |p 3904  |r 2025-11-28 10:27:33  |u 2905  |w 2012-08-08  |y LIB  |k 241.66 / L 183. 
999 |c 2009  |d 2009